MARC

LEADER 00000nam0a2200000 4500
001 677891
005 20241225105854.0
090 |a 677891 
100 |a 20241225d1979 k||y0rusy50 ca 
101 0 |a rus 
102 |a RU 
105 |a y z 001yy 
181 0 |a i   |b  e  
182 0 |a n 
183 0 |a nc  |2 RDAcarrier 
200 1 |a Иранские языки в историческом освещении  |f И. М. Оранский  |g Институт востоковедения АН СССР 
203 |a Текст  |b визуальный  |c непосредственный 
210 |a Москва  |c Наука  |d 1979 
215 |a 238 с.  |c ил. 
283 |a volume  |2 RDAcarrier 
320 |a Литература: с. 199-234 
606 1 |a Иранские языки  |9 39796 
610 1 |a индоиранские языки 
610 1 |a древние языки 
610 1 |a диалекты 
610 1 |a языковые группы 
610 1 |a новоиранские языки 
686 |2 rubbk  |a Ш152 
700 1 |a Оранский  |b И. М.  |g Иосиф Михайлович 
712 0 2 |a Академия наук СССР  |b Институт востоковедения  |c (Москва)  |4 570  |9 25002 
801 0 |a RU  |b 63413507  |c 20241225 
830 |a Ретро2024Каталогизация Мотырева 
850 |a 63413507 
942 |c BK